=LDR 00000nam 2200000 4500 =001 INLIS000000000041564 =005 20151205090634.0 =006 =007 =008 ind =035 ##$$0010-061300000041564 =041 ##$$a ind =082 ##$$a 658.301 =090 ##$$a 658.301, Bit p =100 ##$$a Bittel, R Lester =245 ##$$a Pedoman bagi penyelia 1, Lester R Bittel =260 ##$$a 1994 $b Jakarta =300 ##$$a 352 hlm, ilus, 24 cm =850 ##$$a NBPNMAT